Statistics for Most Streamed Eurovision Song From Each Contest

Click here to take the quiz!

General Stats

  • This quiz has been taken 18 times
  • The average score is 25 of 69

Answer Stats

YearStreamsSongArtistPlaceCountry% Correct
2023485.4 mTattooLoreen1Sweden
89%
2018115.9 mToyNetta1Israel
83%
20191.1 bArcadeDuncan Laurence1Netherlands
78%
2012161.5 mEuphoriaLoreen1Sweden
78%
1974321.4 mWaterlooABBA1Sweden
78%
2021462.1 mZitti e buoniMåneskin1Italy
78%
202455.9 mLa noiaAngelina MangoTBDItaly
72%
2022994.8 mSnapRosa Linn20Armenia
72%
2009350.4 mFairytaleAlexander Rybak1Norway
67%
2015157.1 mHeroesMåns Zelmerlöw1Sweden
67%
201351 mOnly TeardropsEmmelie de Forest1Denmark
61%
200659.8 mHard Rock HallelujahLordi1Finland
56%
198739.5 mHold Me NowJohnny Logan1Ireland
56%
2016106.4 mIf I Were SorryFrans5Sweden
56%
199718.7 mLove Shine a LightKatrina and the Waves1United Kingdom
56%
200527 mMy Number OneHelena Paparizou1Greece
56%
199539.7 mNocturneSecret Garden1Norway
56%
201746.7 mOccidentali's KarmaFrancesco Gabbani6Italy
56%
197920.2 mSatellitTed Gärdestad17Sweden
56%
201084.9 mSatelliteLena1Germany
56%
2020146.4 mThink About ThingsDaði Freyr-Iceland
56%
200417.4 mWild DancesRuslana1Ukraine
56%
19692.5 mBoom Bang-a-BangLulu1United Kingdom
50%
199638.6 mOoh Aah... Just a Little BitGina G8United Kingdom
50%
199917.6 mTake Me to Your Heaven (Tusen och en natt)Charlotte Nilsson1Sweden
50%
19944.4 mTo nie ja!Edyta Górniak2Poland
50%
201458.9 mUndoSanna Nielsen3Sweden
50%
19686.3 mCongratulationsCliff Richard2United Kingdom
44%
198612.8 mJ'aime la vieSandra Kim1Belgium
44%
198126.3 mMaking Your Mind UpBucks Fizz1United Kingdom
44%
196712.1 mPuppet on a StringSandie Shaw1United Kingdom
44%
201164.7 mRockefeller StreetGetter Jaani24Estonia
44%
197610.5 mSave Your Kisses for MeBrotherhood of Man1United Kingdom
44%
19757.8 mDing-a-dongTeach-In1Netherlands
39%
199012.3 mInsieme: 1992Toto Cutugno1Italy
39%
198011 mWhat's Another YearJohnny Logan1Ireland
39%
198210 mEin bißchen FriedenNicole1Germany
33%
200720.8 mMalá dámaKabát28 (SF)Czech Republic
33%
19649 mNon ho l'etàGigliola Cinquetti1Italy
33%
196535.2 mPoupée de cire, poupée de sonFrance Gall1Luxembourg
33%
200832.6 mDelimor ve ötesi7Turkey
28%
198416.7 mDiggi-Loo Diggi-LeyHerreys1Sweden
28%
200315.9 mDimeBeth8Spain
28%
197210.4 mAprès toiVicky Leandros1Luxembourg
22%
197356.5 mEres túMocedades2Spain
22%
198319.2 mFrämlingCarola Häggkvist3Sweden
22%
19778 mL'oiseau et l'EnfantMarie Myriam1France
22%
20018.9 mJe n'ai que mon âmeNatasha St-Pier25France
17%
195859.5 mNel blu, dipinto di bluDomenico Modugno3Italy
17%
1961915 kNous les amoureuxJean-Claude Pascal1Luxembourg
17%
200026.2 mWhen Spirits Are Calling My Name (När vindarna viskar mitt namn)Roger Pontare7Sweden
17%
199178.1 mBailar pegadosSergio Dalma4Spain
11%
199342.2 mEloiseArvingarna7Sweden
11%
19922.6 mI morgon är en annan dagChrister Björkman22Sweden
11%
199811.6 mKärleken ärJill Johnson10Sweden
11%
20025 mNever Let It GoAfro-dite8Sweden
11%
198514 mBra vibrationerKikki Danielsson3Sweden
6%
19711.4 mEn un mundo nuevoKarina2Spain
6%
19705.9 mGwendolyneJulio Iglesias4Spain
6%
198841.1 mStad i ljusTommy Körberg12Sweden
6%
196630.6 mYo soy aquélRaphael7Spain
6%
1956323 kAmami se vuoiTonina TorrielliN/AItaly
0%
19784 mDet blir alltid värre framåt nattenBjörn Skifs14Sweden
0%
19639.4 mElle était si jolieAlain Barrière5France
0%
198914.5 mEn dagTommy Nilsson4Sweden
0%
19592 mPioveDomenico Modugno6Italy
0%
1957624 kSkibet skal sejle i natBirthe Wilke and Gustav Winckler3Denmark
0%
19601.8 mVoi-voiNora Brockstedt4Norway
0%
19626.6 mZwei kleine ItalienerConny Froboess6Germany
0%

Score Distribution

Percentile by Number Answered

Percent of People with Each Score

Your Score History

You have not taken this quiz